000 00827nam a2200217Ia 4500
999 _c37435
_d37435
001 3394
003 GE_BSU
005 20190606202929.0
008 181216s1984|||| |||||||||||||| ||geo||
040 _cGE_BSU
041 _ageo
080 _a620.22(075.8) გ–51
100 _aგიორგიძე, ე.
_9504
245 _aმასალათმცოდნეობა : სახელმძღ. /
_cე. გიორგიძე ; პ.ლაბარტყავა.
264 _a თბილისი :
_bგანათლება,
_c1984.
300 _a493 გვ .:
_c22 სმ.
504 _aბიბლიოგრ.:გვ. 490.
653 _aმასალათმცოდნეობა
700 _aლაბარტყავა, პ
_eრედაქტორი
_9523
942 _cBK
_2udc